000 00473pab a2200169 454500
008 180718b2017 xxu||||| |||| 00| 0 eng d
100 _aMullin, Megan
245 _aLocal response to water crisis: explaining variation in usage restrictions during a Texas drought
260 _c2017
300 _ap.752-774.
362 _aJul
650 _aDrought
650 _aLocal government
700 _aRubado, Meghan E.
773 _aUrban Affairs Review
909 _a116615
999 _c116609
_d116609